00297nam a2200133Ia 45000030006000000080041000060400015000471000020000622450018000822500010001002600024001105460012001340050017001460STCL150530s9999 xx 000 0 und d aSTCLcSTCL aWodehouse, P.G. aHeavy weather aFirst bPenguin booksc1983 aEnglish20220125171039.0